期刊信息 |
| 索取号 |
H12/RC
|
| 题名 |
人才
|
| 作者 |
人才杂志社
|
| 分册号 |
|
| 分册名 |
|
| 出版地 |
北京
|
| 出版者 |
工人出版社
|
| 标准刊号 |
|
| 出版频率 |
月刊
|
| 中图法分类 |
H12
|
| 主题词 |
汉字 文字学
|
| 电子资源 | |
| |
|
| 000 | 00455nas0 2200181 45 | |
| 001 | 0733706641 | |
| 005 | 2007091009214664 | |
| 011 | @d¥1.20 | |
| 100 | @a20070910d km y0chiy0120 ea | |
| 101 | 0 | @achi |
| 200 | 1 | @a人才@ARen Cai@f人才杂志社@FRen Cai Za Zhi She |
| 210 | @a北京@c工人出版社 | |
| 326 | @a月刊 | |
| 606 | 0 | @a汉字@x文字学 |
| 690 | @aH12@v4 | |
| 701 | 0 | @a人才杂志社@ARen Cai Za Zhi She |
| 801 | 0 | @aCN@bPFT@c20070910 |
| 905 | @a213230@dH12@eRC | |
| 人才/人才杂志社.-北京:工人出版社 |
| ¥1.20 |
| ● |
| 相关链接: |
|
|
|
|